[Event "25th Hoogeveen op"]
[Site "Hoogeveen NED"]
[Date "2022.10.21"]
[Round "8.43"]
[White "Van den Dool, Gerrit"]
[Black "Tawfiq, Abdul Karim"]
[Result "1-0"]
[WhiteElo "1570"]
[BlackElo "1777"]
[EventDate "2022.10.15"]
[PlyCount "117"]

1.d4 Nf6 2.Bf4 e6 3.e3 d5 4.Nf3 h6 5.h3 Bd6 6.Ne5 c6 7.c3 Nbd7 8.Nd2 Nf8 
9.Bd3 Bxe5 10.dxe5 N6d7 11.Qg4 g6 12.h4 h5 13.Qf3 Nh7 14.g4 hxg4 15.Qxg4 
Nhf8 16.Nf3 Nc5 17.Bc2 Rh5 18.Bg5 Qb6 19.O-O-O a5 20.Bf6 Qc7 21.Rd4 Ncd7 
22.Bg7 Rh7 23.Bxf8 Nxf8 24.Rf4 Qe7 25.h5 Bd7 26.h6 O-O-O 27.Ng5 Be8 28.
Nxh7 Nxh7 29.Ra4 Qc7 30.Qf4 c5 31.Ra3 c4 32.Rd1 b5 33.b4 a4 34.e4 Bc6 35.
Qh4 Qxe5 36.f4 Qc7 37.exd5 Bxd5 38.Kb2 Re8 39.Bxa4 bxa4 40.Rxa4 Kb7 41.Qe1
Bc6 42.b5 Bxb5 43.Rb4 Ka6 44.a4 Bd7 45.Qd2 Re7 46.Qd4 f6 47.Ka3 Bc8 48.
Rxc4 Qb7 49.Rb4 Qc6 50.Rdb1 Rb7 51.a5 Rxb4 52.Rxb4 Kxa5 53.Ra4+ Qxa4+ 54.
Qxa4+ Kb6 55.Qe8 g5 56.Qxc8 gxf4 57.Qxe6+ Kc5 58.Qf5+ Kc4 59.Qxh7 1-0

[Event "25th Hoogeveen knock-out"]
[Site "Hoogeveen NED"]
[Date "2022.10.21"]
[Round "1.1"]
[White "Romanov, Evgeny"]
[Black "Hovhannisyan, Robert"]
[Result "1/2-1/2"]
[WhiteElo "2593"]
[BlackElo "2601"]
[EventDate "2022.10.15"]
[PlyCount "56"]

1.c4 e5 2.Nf3 e4 3.Nd4 Nc6 4.Nxc6 dxc6 5.Nc3 f5 6.d3 Nf6 7.Bf4 Bd6 8.e3 
Bxf4 9.exf4 Qe7 10.dxe4 Nxe4 11.Nxe4 fxe4 12.Be2 Bd7 13.Qd4 Rf8 14.g3 
O-O-O 15.O-O-O c5 16.Qe3 Bc6 17.Rhe1 Rxd1+ 18.Rxd1 Re8 19.h4 b6 20.h5 a5 
21.g4 Kb7 22.f5 h6 23.Rd2 Qh4 24.Bd1 a4 25.a3 Qf6 26.Bc2 Qh4 27.Bd1 Qf6 
28.Bc2 Qh4 1/2-1/2

[Event "25th Hoogeveen knock-out"]
[Site "Hoogeveen NED"]
[Date "2022.10.21"]
[Round "1.1"]
[White "Zwirs, Nico"]
[Black "Bharath, Subramaniyam H"]
[Result "1-0"]
[WhiteElo "2481"]
[BlackElo "2495"]
[EventDate "2022.10.15"]
[PlyCount "85"]

1.e4 c5 2.Nf3 e6 3.d4 cxd4 4.Nxd4 a6 5.Nc3 b5 6.Bd3 Bb7 7.O-O Nc6 8.Nxc6 
Bxc6 9.Qe2 Be7 10.Bd2 Nf6 11.e5 Nd5 12.Nxd5 Bxd5 13.a4 Bc6 14.axb5 axb5 
15.Qg4 g6 16.Bh6 Ra4 17.Rxa4 bxa4 18.Be4 Bb5 19.c4 Ba6 20.Ra1 a3 21.bxa3 
f5 22.exf6 Bxf6 23.Rd1 Qe7 24.Bf4 e5 25.Be3 Bc8 26.c5 O-O 27.Rd6 Kh8 28.g3
Qf7 29.Bd5 Qe8 30.Bh6 Bg7 31.Bg5 Rf5 32.Be4 Rf8 33.Bd5 Rf5 34.Be4 Rf8 35.
Qe2 Qf7 36.Qc2 Qe8 37.a4 Rf7 38.a5 Bf8 39.Bf6+ Kg8 40.Bd5 Bxd6 41.cxd6 Kf8
42.Qc1 Kg8 43.Qc4 1-0

[Event "25th Hoogeveen op"]
[Site "Hoogeveen NED"]
[Date "2022.10.22"]
[Round "9.1"]
[White "Moroni, Luca jr"]
[Black "Ismail, Tamer"]
[Result "1/2-1/2"]
[WhiteElo "2573"]
[BlackElo "2018"]
[EventDate "2022.10.15"]
[PlyCount "120"]

1.d4 Nf6 2.c4 e6 3.Nc3 Bb4 4.Nf3 h6 5.e3 O-O 6.Bd3 d6 7.Bd2 e5 8.Bc2 Re8 
9.a3 Bxc3 10.Bxc3 e4 11.Nd2 Bg4 12.Qb1 Qe7 13.d5 Nbd7 14.Ba4 a6 15.Bxf6 
Qxf6 16.Bxd7 Bxd7 17.Nxe4 Qh4 18.Ng3 Qxc4 19.Qd1 Re5 20.Rc1 Qb5 21.e4 Rae8
22.Qe2 Rxd5 23.Rxc7 Qa5+ 24.Rc3 Bb5 25.Qc2 Ba4 26.b3 Bxb3 27.Qxb3 Rd3 28.
Ne2 Rc8 29.O-O Rdxc3 30.Nxc3 Rxc3 31.Qxb7 Qxa3 32.Qa8+ Kh7 33.Qb7 Qa2 34.
h4 Qc4 35.Qb1 Rb3 36.Qd1 Rb6 37.Qf3 Qe6 38.Rc1 Rb7 39.Rc6 a5 40.Ra6 Qe5 
41.g3 Rb4 42.Qf5+ Qxf5 43.exf5 Rb5 44.f6 Rd5 45.fxg7 Kxg7 46.Kg2 h5 47.f3 
Kf6 48.g4 hxg4 49.fxg4 Ke5 50.Kf3 Rd3+ 51.Ke2 Rh3 52.Rxa5+ d5 53.Ra7 Rxh4 
54.Rxf7 Rxg4 55.Rf3 Ke4 56.Ra3 Rg2+ 57.Kd1 d4 58.Rb3 Ra2 59.Rh3 d3 60.Rh8 
Ke5 1/2-1/2

[Event "25th Hoogeveen op"]
[Site "Hoogeveen NED"]
[Date "2022.10.22"]
[Round "9.2"]
[White "Beerdsen, Thomas"]
[Black "Ernst, Sipke"]
[Result "1-0"]
[WhiteElo "2521"]
[BlackElo "2532"]
[EventDate "2022.10.15"]
[PlyCount "67"]

1.e4 c5 2.Nf3 d6 3.d4 cxd4 4.Nxd4 Nf6 5.Nc3 Nc6 6.Bg5 e6 7.Qd2 a6 8.O-O-O 
Bd7 9.Kb1 Be7 10.Nxc6 Bxc6 11.f3 b5 12.h4 Rc8 13.Ne2 O-O 14.Nd4 Bb7 15.g4 
Nd7 16.Bxe7 Qxe7 17.g5 d5 18.exd5 Bxd5 19.h5 Rfd8 20.Bd3 Nc5 21.Qe3 Qc7 
22.h6 Nxd3 23.cxd3 Qd6 24.Rc1 Bb7 25.Rxc8 Bxc8 26.Rc1 Bb7 27.Nb3 Bd5 28.
Nc5 e5 29.Re1 gxh6 30.gxh6 f6 31.Qg1+ Kf8 32.Qg7+ Ke8 33.d4 Bxf3 34.Qg8+ 
1-0

[Event "25th Hoogeveen op"]
[Site "Hoogeveen NED"]
[Date "2022.10.22"]
[Round "9.3"]
[White "Maatman, Nick"]
[Black "Fernandez, Daniel Howard"]
[Result "0-1"]
[WhiteElo "2341"]
[BlackElo "2476"]
[EventDate "2022.10.15"]
[PlyCount "74"]

1.d4 d6 2.e4 g6 3.Nc3 a6 4.Nf3 Bg7 5.Be3 b5 6.Bd3 Bb7 7.h4 Nf6 8.e5 Ng4 9.
e6 f5 10.h5 Qc8 11.Ng5 c5 12.d5 c4 13.Be2 Nxe3 14.fxe3 Qc5 15.hxg6 hxg6 
16.Rxh8+ Bxh8 17.Kf2 f4 18.Qh1 Qxe3+ 19.Kf1 Bd4 20.Nd1 Qe5 21.Nf7 Qxd5 22.
Bf3 Qxe6 23.Bxb7 Ra7 24.Ng5 Qf5 25.Nf3 Bf6 26.g4 fxg3 27.Ne3 Qc5 28.Ng4 
Rxb7 29.Nxf6+ exf6 30.Re1+ Re7 31.Qh8+ Kd7 32.Rxe7+ Kxe7 33.Qg7+ Ke6 34.
Qg8+ Kf5 35.Nh4+ Kg4 36.Qxg6+ Kxh4 37.Qxf6+ Kg4 0-1

[Event "25th Hoogeveen op"]
[Site "Hoogeveen NED"]
[Date "2022.10.22"]
[Round "9.4"]
[White "De Winter, Arthur"]
[Black "Van Foreest, Machteld"]
[Result "1/2-1/2"]
[WhiteElo "2390"]
[BlackElo "2118"]
[EventDate "2022.10.15"]
[PlyCount "84"]

1.e4 e6 2.d4 d5 3.Nc3 Nf6 4.Bg5 h6 5.Bxf6 Qxf6 6.exd5 Bb4 7.Bc4 exd5 8.
Bxd5 O-O 9.Ne2 Rd8 10.O-O Bxc3 11.Nxc3 Nc6 12.Bxc6 bxc6 13.Ne4 Qxd4 14.c3 
Qxd1 15.Rfxd1 Ba6 16.f3 f5 17.Ng3 g6 18.Kf2 Bd3 19.Ne2 Bxe2 20.Kxe2 Kf7 
21.Rac1 Rd6 22.Rxd6 cxd6 23.Rd1 Ke6 24.Ke3 Rb8 25.b3 Rb5 26.f4 Rb8 27.Kd4 
g5 28.Ke3 Re8 29.Kf3 Kd7 30.Rd4 g4+ 31.Kf2 Re7 32.Ra4 Ke6 33.Rd4 d5 34.Rd3
Kd6 35.Re3 Re4 36.g3 Kc5 37.Rd3 a5 38.Rd2 a4 39.Rd3 a3 40.Re3 Kb5 41.Rxe4 
dxe4 42.Ke3 Kc5 1/2-1/2

[Event "25th Hoogeveen op"]
[Site "Hoogeveen NED"]
[Date "2022.10.22"]
[Round "9.5"]
[White "Mellema, Andries"]
[Black "Ashwath, R."]
[Result "0-1"]
[WhiteElo "2155"]
[BlackElo "2340"]
[EventDate "2022.10.15"]
[PlyCount "98"]

1.e4 e5 2.Nf3 Nc6 3.Bc4 Bc5 4.d3 Nf6 5.O-O a6 6.c3 d6 7.a4 Ba7 8.Re1 O-O 
9.h3 Kh8 10.Nbd2 Ng8 11.Nf1 f5 12.Ba2 f4 13.d4 Qf6 14.b4 exd4 15.Bxg8 Kxg8
16.Bb2 dxc3 17.Qb3+ Be6 18.Qxc3 Qxc3 19.Bxc3 b5 20.Rec1 Bd7 21.N1d2 bxa4 
22.e5 Rfe8 23.Nc4 d5 24.Rd1 Bf5 25.Nb2 Be4 26.Nxa4 Bxf3 27.gxf3 d4 28.Bd2 
Nxe5 29.Bxf4 Nxf3+ 30.Kg2 Nh4+ 31.Kg3 Nf5+ 32.Kg4 g6 33.Nb2 Bb6 34.Nd3 Ne7
35.Nc5 Nd5 36.Rxd4 Nxb4 37.Rxb4 Bxc5 38.Rc4 Bxf2 39.Rxc7 a5 40.Rd1 Red8 
41.Rcd7 Rxd7 42.Rxd7 Ra7 43.Rd8+ Kf7 44.Kg5 a4 45.Kh6 a3 46.Bc1 a2 47.Bb2 
a1=Q 48.Bxa1 Rxa1 49.Kxh7 Bh4 0-1

[Event "25th Hoogeveen op"]
[Site "Hoogeveen NED"]
[Date "2022.10.22"]
[Round "9.6"]
[White "Weihrauch, Jakob"]
[Black "Slagboom, Leandro"]
[Result "1/2-1/2"]
[WhiteElo "2075"]
[BlackElo "2117"]
[EventDate "2022.10.15"]
[PlyCount "53"]

1.e4 e6 2.d4 d5 3.Nc3 Bb4 4.e5 c5 5.Bd2 Ne7 6.Nb5 Bxd2+ 7.Qxd2 O-O 8.dxc5 
Nd7 9.Nf3 Nc6 10.Qe3 a6 11.Nbd4 Qa5+ 12.c3 Qxc5 13.O-O-O b5 14.Kb1 Rb8 15.
Bd3 h6 16.b4 Qb6 17.Bc2 Re8 18.Nxc6 Qxc6 19.Rd4 Bb7 20.Rg4 Kf8 21.Nd4 Qc7 
22.Re1 Rbc8 23.Kb2 Nb6 24.Qg3 Nc4+ 25.Kc1 Na3 26.Kd2 a5 27.bxa5 1/2-1/2

[Event "25th Hoogeveen op"]
[Site "Hoogeveen NED"]
[Date "2022.10.22"]
[Round "9.7"]
[White "Elgersma, Onno"]
[Black "Shakhverdian, William"]
[Result "1-0"]
[WhiteElo "2309"]
[BlackElo "2123"]
[EventDate "2022.10.15"]
[PlyCount "81"]

1.e4 e5 2.Nf3 Nc6 3.Bb5 a6 4.Ba4 Nf6 5.O-O Nxe4 6.d4 b5 7.Bb3 d5 8.dxe5 
Be6 9.c3 Bc5 10.Nbd2 O-O 11.Bc2 Nxf2 12.Rxf2 Bxf2+ 13.Kxf2 f6 14.exf6 Qxf6
15.Kg1 Bg4 16.h3 Bh5 17.Nf1 Bxf3 18.Qxf3 Qxf3 19.gxf3 Rxf3 20.Bd1 Rf7 21.
Bb3 Rd7 22.Be3 Na5 23.Bc5 Re8 24.Ng3 c6 25.Rd1 Rf7 26.Kg2 Nb7 27.Bf2 Nd6 
28.Rd2 Re6 29.h4 Rf4 30.h5 g6 31.hxg6 hxg6 32.Bc5 Ne4 33.Nxe4 Rfxe4 34.Bd1
a5 35.Bd4 g5 36.Kg3 a4 37.Bf3 Re1 38.Rh2 Rb1 39.Bg4 Re7 40.Bf5 Kf7 41.Bxb1
1-0

[Event "25th Hoogeveen op"]
[Site "Hoogeveen NED"]
[Date "2022.10.22"]
[Round "9.9"]
[White "Mueer, Sebastian"]
[Black "Van T Hoff, Tom"]
[Result "1-0"]
[WhiteElo "2177"]
[BlackElo "1905"]
[EventDate "2022.10.15"]
[PlyCount "105"]

1.e4 c5 2.Nc3 Nc6 3.Bb5 g6 4.Bxc6 dxc6 5.d3 Bg7 6.Be3 b6 7.Qd2 e5 8.h3 Qc7
9.f4 Ne7 10.Nf3 Be6 11.fxe5 Bxe5 12.Nxe5 Qxe5 13.O-O-O O-O-O 14.Bf4 Qd4 
15.Bh2 Kb7 16.Qg5 Rhe8 17.Be5 h6 18.Qg3 Qd7 19.Bf6 Qc7 20.Be5 Qd7 21.Qh4 
Ng8 22.Bh2 Qe7 23.Qf2 Qf6 24.Qe3 Qd4 25.Qf4 Rd7 26.Rhf1 Red8 27.Kb1 Re8 
28.a3 Red8 29.g4 Re8 30.Bg1 Qd6 31.e5 Qe7 32.Ne4 Red8 33.Bh2 Ka8 34.Nd6 
Qf8 35.Qa4 Ne7 36.c4 Qg7 37.Rf2 g5 38.Rdf1 Qg6 39.Rf5 Rc7 40.Ka2 Nc8 41.
R1f3 Bxf5 42.gxf5 Qh5 43.Re3 Qh4 44.e6 Qf2 45.e7 Nxe7 46.Rxe7 Rxe7 47.
Qxc6+ Kb8 48.Be5 Qe3 49.Nxf7+ Rxe5 50.Nxd8 Re7 51.Qd6+ Ka8 52.Nc6 Kb7 53.
Nxe7 1-0

[Event "25th Hoogeveen op"]
[Site "Hoogeveen NED"]
[Date "2022.10.22"]
[Round "9.10"]
[White "Markus, John Raymond"]
[Black "Vogel, Jaap"]
[Result "1/2-1/2"]
[WhiteElo "2059"]
[BlackElo "2124"]
[EventDate "2022.10.15"]
[PlyCount "24"]

1.d4 d5 2.Nf3 Nf6 3.Bf4 c5 4.e3 Nc6 5.c3 Qb6 6.Qb3 c4 7.Qc2 Bf5 8.Qc1 h6 
9.h3 e6 10.Nbd2 Rc8 11.Be2 Be7 12.O-O O-O 1/2-1/2

[Event "25th Hoogeveen op"]
[Site "Hoogeveen NED"]
[Date "2022.10.22"]
[Round "9.11"]
[White "Sevcikova, Lucia"]
[Black "Clemens, Adrian"]
[Result "1/2-1/2"]
[WhiteElo "1931"]
[BlackElo "2082"]
[EventDate "2022.10.15"]
[PlyCount "98"]

1.d4 d5 2.c4 e6 3.Nc3 c5 4.cxd5 cxd4 5.Qxd4 Nc6 6.Qd1 exd5 7.Qxd5 Qc7 8.
Bg5 h6 9.Bh4 Nge7 10.Bxe7 Bxe7 11.e3 O-O 12.Bb5 Nb4 13.Qe4 a6 14.Be2 b5 
15.Nf3 Bb7 16.Qb1 Bf6 17.O-O Bxc3 18.bxc3 Qxc3 19.Nd4 Rfe8 20.Rc1 Qa3 21.
Qb3 Qxb3 22.axb3 Rec8 23.Bg4 Rxc1+ 24.Rxc1 Rb8 25.Bf3 Rc8 26.Rxc8+ Bxc8 
27.Nc6 Nxc6 28.Bxc6 b4 29.Kf1 Be6 30.Ba4 Kf8 31.Ke2 Ke7 32.Kd3 Kd6 33.Kd4 
g5 34.e4 f6 35.f3 a5 36.g3 Bf7 37.f4 gxf4 38.gxf4 Bh5 39.e5+ fxe5+ 40.
fxe5+ Ke7 41.Bb5 Bd1 42.Bc4 a4 43.bxa4 Bxa4 44.Bd5 Bd1 45.Kc4 b3 46.Kc3 
Bc2 47.Bxb3 Bxb3 48.Kxb3 Ke6 49.Kc3 Kxe5 1/2-1/2

[Event "25th Hoogeveen op"]
[Site "Hoogeveen NED"]
[Date "2022.10.22"]
[Round "9.12"]
[White "Kulkarni, Bhakti"]
[Black "Klaren, Oscar"]
[Result "1-0"]
[WhiteElo "2376"]
[BlackElo "2003"]
[EventDate "2022.10.15"]
[PlyCount "81"]

1.d4 Nf6 2.Nf3 e6 3.Bf4 d5 4.c3 c5 5.e3 Nc6 6.Nbd2 cxd4 7.exd4 Nh5 8.Be3 
Bd6 9.Ne5 Nf6 10.Nd3 O-O 11.Be2 Re8 12.f4 Bd7 13.Ne5 Qb6 14.Qb3 Ne7 15.O-O
Bc6 16.Bd3 Nf5 17.Bf2 Rad8 18.Rae1 Bf8 19.g4 Nd6 20.Bh4 Be7 21.Bg3 Qa5 22.
Nxc6 bxc6 23.Qc2 Nxg4 24.Bxh7+ Kh8 25.f5 Bg5 26.Nf3 Ne3 27.Qd3 Bh6 28.Rxe3
Bxe3+ 29.Qxe3 exf5 30.Qg5 Kxh7 31.Be5 Rxe5 32.dxe5 Qb6+ 33.Kh1 Ne4 34.
Qxf5+ Kg8 35.e6 fxe6 36.Qxe6+ Kh8 37.Ne5 Nd6 38.Qh3+ Kg8 39.Ng6 Nf7 40.
Ne7+ Kf8 41.Qe6 1-0

[Event "25th Hoogeveen op"]
[Site "Hoogeveen NED"]
[Date "2022.10.22"]
[Round "9.13"]
[White "De Boer, Eelke"]
[Black "Kumar, Sanjit S"]
[Result "1/2-1/2"]
[WhiteElo "2295"]
[BlackElo "1923"]
[EventDate "2022.10.15"]
[PlyCount "83"]

1.e4 e6 2.d4 d5 3.Nc3 Bb4 4.e5 c5 5.a3 Bxc3+ 6.bxc3 Ne7 7.Nf3 b6 8.a4 Ba6 
9.Bxa6 Nxa6 10.Qe2 Nb8 11.O-O Nd7 12.Bg5 h6 13.Bh4 c4 14.Nd2 Qc7 15.Bxe7 
Kxe7 16.f4 g6 17.g4 Rag8 18.Kh1 Qd8 19.f5 gxf5 20.gxf5 Rg5 21.f6+ Ke8 22.
Nf3 Rg6 23.Qe3 Rhg8 24.Rg1 Rxg1+ 25.Rxg1 Rxg1+ 26.Kxg1 Nxf6 27.exf6 Qxf6 
28.Ne5 Qg7+ 29.Qg3 Qf6 30.Nc6 Qf5 31.Qb8+ Kd7 32.Ne5+ Ke7 33.Qxa7+ Kf8 34.
Qxb6 Qg5+ 35.Kf2 Qd2+ 36.Kg3 Qe1+ 37.Kh3 Qf1+ 38.Kg4 Qg2+ 39.Kf4 Qd2+ 40.
Kf3 Qd1+ 41.Kg3 Qe1+ 42.Kf3 1/2-1/2

[Event "25th Hoogeveen op"]
[Site "Hoogeveen NED"]
[Date "2022.10.22"]
[Round "9.14"]
[White "Klaren, Duncan"]
[Black "Cornelisse, John"]
[Result "1-0"]
[WhiteElo "2009"]
[BlackElo "2160"]
[EventDate "2022.10.15"]
[PlyCount "129"]

1.e4 c6 2.d4 d5 3.e5 c5 4.dxc5 e6 5.a3 Bxc5 6.b4 Be7 7.Qg4 g6 8.Nf3 Qc7 9.
Bd3 a5 10.b5 Nd7 11.Bb2 Nc5 12.Be2 h5 13.Qf4 Ne4 14.c4 g5 15.Qc1 g4 16.
Nfd2 Bg5 17.Qc2 Nxd2 18.Nxd2 Bf4 19.Rc1 Bxe5 20.b6 Qb8 21.cxd5 exd5 22.
Qxc8+ Qxc8 23.Rxc8+ Rxc8 24.Bxe5 Rc1+ 25.Bd1 Rh6 26.O-O Kf8 27.Nb3 Rb1 28.
Bd4 Rc6 29.Be3 a4 30.Nd2 Ra1 31.Bxa4 Rcc1 32.Bb5 Rxf1+ 33.Nxf1 Ke7 34.a4 
Kd6 35.g3 Ne7 36.Kg2 Nf5 37.Bf4+ Kc5 38.Bd7 Nd6 39.Nd2 Ra3 40.Be3+ d4 41.
Bf4 Ra2 42.Nb3+ Kd5 43.Nxd4 Nc4 44.Nf5 Nxb6 45.Ne7+ Ke4 46.Bf5+ Kd4 47.
Be3+ Ke5 48.Bxb6 Rxa4 49.Bc8 Rb4 50.Bc7+ Kd4 51.Nf5+ Kd5 52.Bd7 Re4 53.
Ne3+ Kc5 54.Bf5 Re8 55.h3 gxh3+ 56.Kxh3 b5 57.Kh4 b4 58.Kxh5 b3 59.Kg5 b2 
60.Nd1 Re2 61.Nc3 Re1 62.Na4+ Kc6 63.Nxb2 Kxc7 64.Kf6 Re2 65.Nd3 1-0

[Event "25th Hoogeveen op"]
[Site "Hoogeveen NED"]
[Date "2022.10.22"]
[Round "9.15"]
[White "Goeke, Bernd"]
[Black "Kotyk, Michael"]
[Result "0-1"]
[WhiteElo "1957"]
[BlackElo "2105"]
[EventDate "2022.10.15"]
[PlyCount "98"]

1.Nf3 f5 2.c4 Nf6 3.g3 g6 4.Bg2 Bg7 5.O-O d6 6.d4 O-O 7.Nc3 Nc6 8.d5 Ne5 
9.Nxe5 dxe5 10.c5 e6 11.Qb3 Qe7 12.Be3 Ng4 13.d6 cxd6 14.cxd6 Qxd6 15.Nb5 
Qe7 16.Bd2 Rd8 17.Ba5 Rd7 18.Rac1 Bh6 19.Rc2 e4 20.Nxa7 Rxa7 21.Rxc8+ Kf7 
22.Bb4 Qg5 23.h4 Qh5 24.Qc3 g5 25.Qh8 Nf6 26.Bc5 b6 27.hxg5 Qxg5 28.Be3 
Qg7 29.Bxh6 Qxh6 30.a3 Rd2 31.Rfc1 Rxe2 32.Bf1 Rxb2 33.Rd1 e3 34.Rdd8 Kg6 
35.Rg8+ Rg7 36.Rxg7+ Qxg7 37.Qxg7+ Kxg7 38.Rc7+ Kg6 39.fxe3 Rb3 40.Rc6 
Rxe3 41.Kg2 Rxa3 42.Rxe6 Kg5 43.Rxb6 Ne4 44.Ba6 Rxg3+ 45.Kf1 h5 46.Rb8 h4 
47.Rh8 h3 48.Bc8 Kf4 49.Rh5 Ke3 0-1

[Event "25th Hoogeveen op"]
[Site "Hoogeveen NED"]
[Date "2022.10.22"]
[Round "9.16"]
[White "Van der Hagen, Loek"]
[Black "Goudriaan, Rafael"]
[Result "1-0"]
[WhiteElo "2079"]
[BlackElo "1654"]
[EventDate "2022.10.15"]
[PlyCount "67"]

1.d4 d5 2.c4 c6 3.cxd5 cxd5 4.Nf3 Nc6 5.Nc3 Nf6 6.Bf4 e6 7.e3 a6 8.Ne5 Bd6
9.Rc1 O-O 10.Bd3 Qc7 11.O-O Bd7 12.Bg3 Rac8 13.f4 b5 14.Qf3 Qd8 15.f5 Be7 
16.Ne2 Nxe5 17.dxe5 Ne4 18.Rxc8 Bxc8 19.f6 gxf6 20.exf6 Bxf6 21.Bxe4 dxe4 
22.Qxf6 Qxf6 23.Rxf6 Bb7 24.Rf1 Rd8 25.Nd4 Bd5 26.b3 Rc8 27.Be5 Rc3 28.Kf2
b4 29.g4 a5 30.Rb1 Bb7 31.Rb2 Rd3 32.Bc7 Ba6 33.Bxa5 Rd1 34.Bxb4 1-0

[Event "25th Hoogeveen op"]
[Site "Hoogeveen NED"]
[Date "2022.10.22"]
[Round "9.17"]
[White "Lootsma, Jan"]
[Black "Asatryan, Sona"]
[Result "1-0"]
[WhiteElo "1928"]
[BlackElo "2088"]
[EventDate "2022.10.15"]
[PlyCount "97"]

1.e4 c6 2.d4 d5 3.exd5 cxd5 4.Bd3 Nf6 5.h3 Nc6 6.Nf3 Qc7 7.O-O g6 8.Re1 
Bf5 9.c3 e6 10.Ne5 Nxe5 11.dxe5 Nd7 12.Bf4 O-O-O 13.Na3 Bxa3 14.bxa3 Bxd3 
15.Qxd3 f5 16.Qd4 Nb6 17.Be3 Kb8 18.Rab1 Rc8 19.Rec1 Qc4 20.Qd2 Nd7 21.Rb4
Qa6 22.c4 Ka8 23.cxd5 Rxc1+ 24.Qxc1 exd5 25.Qd1 Qe6 26.Rb5 Nxe5 27.Rxd5 
Nc6 28.Rd6 Qxa2 29.Rxc6 bxc6 30.Qd4 Qb1+ 31.Kh2 Qb8+ 32.g3 Rd8 33.Qf6 Qd6 
34.Qg7 Qd7 35.Qc3 Rb8 36.Qc5 Rb5 37.Qf8+ Kb7 38.a4 Rb1 39.Qc5 Kc8 40.Qf8+ 
Qd8 41.Qc5 Qd5 42.Qf8+ Kd7 43.Qg7+ Ke6 44.Qg8+ Ke5 45.Qg7+ Ke4 46.Qc3 Rd1 
47.f3+ Kxf3 48.Bd4+ Ke2 49.Qe3+ 1-0

[Event "25th Hoogeveen op"]
[Site "Hoogeveen NED"]
[Date "2022.10.22"]
[Round "9.19"]
[White "Fuhrmann, Bahne"]
[Black "Pouw, Marcel"]
[Result "1-0"]
[WhiteElo "2063"]
[BlackElo "1862"]
[EventDate "2022.10.15"]
[PlyCount "76"]

1.d4 e6 2.c4 Nf6 3.g3 d5 4.Bg2 Be7 5.Nf3 dxc4 6.O-O O-O 7.Na3 Bxa3 8.bxa3 
Nbd7 9.a4 c6 10.Ba3 Re8 11.Rb1 Qa5 12.Bb4 Qh5 13.Qc2 e5 14.dxe5 Nxe5 15.
Bc3 Bf5 16.Qb2 Bxb1 17.Nxe5 Bf5 18.Qxb7 Be4 19.f3 Bg6 20.g4 Qh6 21.f4 Nd5 
22.Bd2 f6 23.Nxc6 Bf7 24.Bxd5 Bxd5 25.Ne7+ Kh8 26.Nxd5 Rab8 27.Qxa7 Rbd8 
28.Qa5 Ra8 29.Qc5 Rxe2 30.Rf2 Ree8 31.Nb6 Rad8 32.Nxc4 Qg6 33.Qf5 Qf7 34.
Ne3 g6 35.Qb5 Kg7 36.g5 Qe6 37.gxf6+ Kf7 38.Qc4 Rxd2 1-0

[Event "25th Hoogeveen op"]
[Site "Hoogeveen NED"]
[Date "2022.10.22"]
[Round "9.20"]
[White "Huo, Da"]
[Black "Labruyere, Roger"]
[Result "0-1"]
[WhiteElo "1909"]
[BlackElo "2063"]
[EventDate "2022.10.15"]
[PlyCount "72"]

1.Nf3 d5 2.c4 e6 3.b3 Nf6 4.g3 Be7 5.Bg2 O-O 6.O-O b6 7.d4 Bb7 8.Qc2 Nbd7 
9.Nc3 Rc8 10.Rd1 c5 11.dxc5 dxc4 12.cxb6 Qxb6 13.Bd2 Ng4 14.Be1 Nde5 15.
Nxe5 Nxe5 16.Bxb7 Qxb7 17.Qe4 Qb8 18.Rab1 f5 19.Qg2 Qc7 20.Nb5 Qc5 21.Nd4 
c3 22.Rbc1 Qa3 23.Bxc3 Rfd8 24.Nxe6 Rxd1+ 25.Rxd1 Rxc3 26.Qd5 Rc1 27.Ng5+ 
Kh8 28.Rxc1 Qxc1+ 29.Kg2 Qc8 30.Nxh7 Qc6 31.Nf6 Bxf6 32.Qxc6 Nxc6 33.Kf3 
Nb4 34.a4 a5 35.e4 Nd3 36.exf5 Nc5 0-1

[Event "25th Hoogeveen op"]
[Site "Hoogeveen NED"]
[Date "2022.10.22"]
[Round "9.21"]
[White "Cuyvers, Jens"]
[Black "Van Houwelingen, Leo"]
[Result "0-1"]
[WhiteElo "1765"]
[BlackElo "2003"]
[EventDate "2022.10.15"]
[PlyCount "84"]

1.e4 d6 2.d4 Nf6 3.Nc3 g6 4.Be3 c6 5.Qd2 Nbd7 6.Nf3 b5 7.a3 a6 8.Bh6 Bxh6 
9.Qxh6 e5 10.dxe5 dxe5 11.O-O-O Qe7 12.Qd2 Bb7 13.Ne1 O-O 14.f3 Rfd8 15.
Qd6 Qxd6 16.Rxd6 a5 17.Be2 Ne8 18.Rd2 Nc7 19.Nd3 Ne6 20.Rhd1 Kf8 21.b3 Ke7
22.Kb2 f6 23.Na2 Nb6 24.Ndc1 Rxd2 25.Rxd2 a4 26.b4 Bc8 27.c3 Nc7 28.Bd3 
Be6 29.Ne2 Ne8 30.Rd1 Bb3 31.Re1 Nd6 32.Nac1 Ndc4+ 33.Bxc4 Nxc4+ 34.Ka1 
Nxa3 35.Kb2 Nc4+ 36.Kb1 Rd8 37.Nxb3 axb3 38.Nc1 Rd2 39.Re2 Rd1 40.Rf2 b2 
41.Rxb2 Nxb2 42.Kxb2 Rd2+ 0-1

[Event "25th Hoogeveen op"]
[Site "Hoogeveen NED"]
[Date "2022.10.22"]
[Round "9.22"]
[White "Mensing, Adrian"]
[Black "Avis, Fred"]
[Result "1-0"]
[WhiteElo "2000"]
[BlackElo "1759"]
[EventDate "2022.10.15"]
[PlyCount "59"]

1.d4 d5 2.c4 e6 3.Nf3 Nf6 4.g3 dxc4 5.Bg2 c5 6.O-O Nc6 7.dxc5 Qxd1 8.Rxd1 
Bxc5 9.Nbd2 O-O 10.Nxc4 Re8 11.Nce5 Nb4 12.a3 Nbd5 13.b4 Bb6 14.Bb2 Ne4 
15.Nd3 f6 16.Rac1 Bd7 17.Nc5 Bxc5 18.bxc5 Ba4 19.Rd4 Bc6 20.Rxe4 e5 21.
Rec4 e4 22.Nd4 Bd7 23.c6 bxc6 24.Nxc6 f5 25.Rc5 Nb6 26.Bd4 Re6 27.Ne5 Be8 
28.f3 Rd8 29.e3 Na4 30.Rc7 1-0

[Event "25th Hoogeveen op"]
[Site "Hoogeveen NED"]
[Date "2022.10.22"]
[Round "9.23"]
[White "Godding, Mick"]
[Black "Mol, Christiaan"]
[Result "1/2-1/2"]
[WhiteElo "1831"]
[BlackElo "1961"]
[EventDate "2022.10.15"]
[PlyCount "31"]

1.e4 e6 2.d4 d5 3.exd5 exd5 4.Nf3 Bd6 5.Bd3 Ne7 6.Bg5 Bg4 7.Nbd2 Nbc6 8.c3
f6 9.Bh4 Bf5 10.Qc2 Qd7 11.Bg3 Qe6+ 12.Kf1 O-O-O 13.Bxd6 Bxd3+ 14.Qxd3 
Qxd6 15.g3 Qe6 16.Kg2 1/2-1/2

[Event "25th Hoogeveen op"]
[Site "Hoogeveen NED"]
[Date "2022.10.22"]
[Round "9.24"]
[White "Krylov, Philippe"]
[Black "Ten Ham, John"]
[Result "0-1"]
[WhiteElo "1609"]
[BlackElo "1910"]
[EventDate "2022.10.15"]
[PlyCount "110"]

1.d4 d5 2.c4 e6 3.Nc3 Nf6 4.cxd5 exd5 5.Bg5 Be7 6.e3 O-O 7.Bd3 b6 8.Qc2 h6
9.Bh4 c5 10.Nge2 Ba6 11.Nf4 g5 12.Bxa6 Nxa6 13.Ng6 gxh4 14.Nxf8 Bxf8 15.g3
cxd4 16.exd4 Qe7+ 17.Qe2 hxg3 18.hxg3 Qxe2+ 19.Kxe2 Re8+ 20.Kf3 Nb4 21.
Rhe1 Rc8 22.Rad1 Nc6 23.a3 Na5 24.Re5 Nc4 25.Rf5 Nxb2 26.Rc1 Ne4 27.Ne2 
Rxc1 28.Nxc1 Nc3 29.Ne2 Nxe2 30.Kxe2 Bxa3 31.Rxd5 Nc4 32.Kd3 Nd6 33.Kc3 a5
34.Kb3 Bb4 35.f3 Kg7 36.g4 f6 37.Rh5 Kg6 38.Rd5 f5 39.Re5 Kg5 40.Re6 Nb5 
41.Kc4 Nd6+ 42.Kb3 h5 43.gxh5 Kxh5 44.Re5 Kg5 45.Re3 Kf4 46.Rd3 Kg3 47.Re3
f4 48.Rd3 Kf2 49.Kc2 Nc4 50.Kb3 Ne3 51.d5 Bd6 52.Ka4 Kxf3 53.Rb3 Bc5 54.d6
Bxd6 55.Rxb6 Bb4 0-1

[Event "25th Hoogeveen op"]
[Site "Hoogeveen NED"]
[Date "2022.10.22"]
[Round "9.25"]
[White "Bollaart, Jeroen"]
[Black "Valiente, Paulo"]
[Result "1-0"]
[WhiteElo "1937"]
[BlackElo "1819"]
[EventDate "2022.10.15"]
[PlyCount "38"]

1.e4 d6 2.d4 Nf6 3.Nc3 g6 4.Bg5 Bg7 5.Qd2 O-O 6.O-O-O c6 7.h4 b5 8.Bd3 b4 
9.Nce2 a5 10.h5 e5 11.hxg6 hxg6 12.Bh6 Nh5 13.f3 Qf6 14.Bxg7 Kxg7 15.g4 
Nf4 16.Nxf4 exf4 17.Qh2 Rd8 18.Qh6+ Kg8 19.Qh3 Kg7 1-0

[Event "25th Hoogeveen op"]
[Site "Hoogeveen NED"]
[Date "2022.10.22"]
[Round "9.26"]
[White "Boersma, Jan"]
[Black "Warnk, Torsten"]
[Result "1/2-1/2"]
[WhiteElo "1930"]
[BlackElo "1709"]
[EventDate "2022.10.15"]
[PlyCount "52"]

1.e4 e6 2.d4 d5 3.Nc3 Bb4 4.Ne2 dxe4 5.a3 Ba5 6.b4 Bb6 7.Nxe4 Nf6 8.Bg5 
Nbd7 9.c4 c6 10.Nd6+ Ke7 11.c5 Bc7 12.Nxc8+ Rxc8 13.g3 h6 14.Bf4 Nd5 15.
Bxc7 Qxc7 16.Bg2 N7f6 17.O-O Rhe8 18.Nc1 Kf8 19.Nd3 Rcd8 20.Rc1 Ne7 21.Ne5
Nf5 22.Rc4 Nd7 23.Nf3 e5 24.Bh3 Nxd4 25.Nxd4 exd4 26.Rxd4 Nf6 1/2-1/2

[Event "25th Hoogeveen op"]
[Site "Hoogeveen NED"]
[Date "2022.10.22"]
[Round "9.28"]
[White "Niemeijer, Leon"]
[Black "Van de Poel, Taco"]
[Result "1-0"]
[WhiteElo "1841"]
[BlackElo "1881"]
[EventDate "2022.10.15"]
[PlyCount "119"]

1.d4 Nf6 2.c4 g6 3.Nc3 d5 4.cxd5 Nxd5 5.g3 Bg7 6.Bg2 Nxc3 7.bxc3 c5 8.Nf3 
O-O 9.O-O Nc6 10.Bb2 Rb8 11.e3 Na5 12.Qe2 b5 13.Ba3 b4 14.cxb4 cxb4 15.
Rfb1 Qd6 16.Qe1 Nc6 17.Bb2 a5 18.a3 Rd8 19.axb4 axb4 20.Nd2 f5 21.Rc1 Bb7 
22.Nb3 Rdc8 23.Nc5 e6 24.Nxb7 Rxb7 25.Ra6 Rbc7 26.Raxc6 Rxc6 27.Rxc6 Rxc6 
28.Bxc6 Qxc6 29.Qxb4 h5 30.h4 Bf8 31.Qb8 Kf7 32.Qa7+ Kg8 33.Qb8 Kf7 34.Qb3
Be7 35.Qc3 Qxc3 36.Bxc3 Ba3 37.f3 Be7 38.Ba5 g5 39.hxg5 Bxg5 40.Kf2 h4 41.
g4 fxg4 42.fxg4 Kg6 43.Bc7 Be7 44.Bf4 Bd8 45.Kg2 Be7 46.Kh3 Bf6 47.Bh2 Bg5
48.Bf4 Be7 49.e4 Bf6 50.Be3 Be7 51.Bf2 Bf6 52.d5 exd5 53.exd5 Kf7 54.Bxh4 
Bg7 55.d6 Ke6 56.Be7 Kf7 57.Kh4 Ke6 58.Kh5 Kf7 59.g5 Ke6 60.Kg6 1-0